00240nam a2200109Ia 4500100001600000654002200016245002200038260003500060082001400095300000900109546001200118 aMittal/G.K  aNetwork analaysis aNetwork analaysis bKhanna publishersaDelhic1983 a621.31042 a1022 aENGLISH